|
|
|
|
| LEADER |
00000cam a2200000 7i4500 |
| 001 |
0000126495 |
| 005 |
20180508.0 |
| 008 |
171123s2017 my adg 0000 bm |
| 020 |
|
|
|a 9789674448158
|
| 040 |
|
|
|a PERPUSTAM
|b eng
|c PERPUSTAM
|e rda
|
| 090 |
0 |
0 |
|a BF
|b HAN
|
| 245 |
1 |
0 |
|a Hantu POCONG di tandas SEKOLAH
|c Editor Hani Najwa, Azreen Sofea
|
| 264 |
|
1 |
|a Kuala Lumpur :
|b Sam Synergy Media Sdn. Bhd.
|c 2017
|
| 300 |
|
|
|a 288 pages :
|b illustration ;
|c 21 cm.
|
| 336 |
|
|
|a text, rdacontent
|
| 337 |
|
|
|a unmediated
|2 rdamedia
|
| 338 |
|
|
|a volume
|2 rdacarrier
|
| 490 |
1 |
|
|a SERAM TERROR pasti gerun
|
| 650 |
1 |
0 |
|a Ghost stories
|x Malay
|
| 650 |
2 |
0 |
|a Horror tales
|x Malay
|
| 650 |
2 |
0 |
|a Malay fiction
|
| 830 |
|
0 |
|a Seram Terror Pasti Gerun
|
| 999 |
|
|
|a 0000504841
|b Buku
|c Rak Terbuka
|e Perbadanan Perpustakaan Awam Melaka
|
| 999 |
|
|
|a 0000504842
|b Buku
|c Rak Terbuka
|e Perpustakaan Cawangan Jasin
|
| 999 |
|
|
|a 0000504843
|b Buku
|c Rak Terbuka
|e Perpustakaan Cawangan Masjid Tanah
|
| 999 |
|
|
|a 0000504844
|b Buku
|c Rak Terbuka
|e Perpustakaan Cawangan Merlimau
|
| 999 |
|
|
|a 0000504846
|b Buku
|c Rak Terbuka
|e Perbadanan Perpustakaan Awam Melaka
|
| 999 |
|
|
|a 0000504847
|b Buku
|c Rak Terbuka
|e PK Aeon Jaya Jusco
|
| 999 |
|
|
|a 0000504848
|b Buku
|c Rak Terbuka
|e PK Melaka Mall
|
| 999 |
|
|
|a 0000504849
|b Buku
|c Rak Terbuka
|e Perbadanan Perpustakaan Awam Melaka
|
| 999 |
|
|
|a 0000504850
|b Buku
|c Rak Terbuka
|e Perbadanan Perpustakaan Awam Melaka
|
| 999 |
|
|
|a 0000504851
|b Buku
|c Rak Terbuka
|e Perpustakaan Komuniti UTC Melaka
|
| 999 |
|
|
|a 0000504852
|b Buku
|c Rak Terbuka
|e Perbadanan Perpustakaan Awam Melaka
|
| 999 |
|
|
|a 0000504853
|b Buku
|c Rak Terbuka
|e PERPUSTAKAAN PENJARA SUNGAI UDANG
|
| 999 |
|
|
|a 0000504854
|b Buku
|c Rak Terbuka
|e Perbadanan Perpustakaan Awam Melaka
|
| 999 |
|
|
|a 0000504855
|b Buku
|c Rak Terbuka
|e Perbadanan Perpustakaan Awam Melaka
|
| 999 |
|
|
|a 0000504856
|b Buku
|c Rak Terbuka
|e Perbadanan Perpustakaan Awam Melaka
|
| 999 |
|
|
|a 0000504857
|b Buku
|c Rak Terbuka
|e Perbadanan Perpustakaan Awam Melaka
|
| 999 |
|
|
|a 0000504858
|b Buku
|c Rak Terbuka
|e Perbadanan Perpustakaan Awam Melaka
|
| 999 |
|
|
|a 0000504859
|b Buku
|c Rak Terbuka
|e Perbadanan Perpustakaan Awam Melaka
|